| 000 | 01033naa a22003257a 4500 | ||
|---|---|---|---|
| 001 | BR8103232 | ||
| 003 | BR-BrBNA | ||
| 005 | 20240918174742.0 | ||
| 007 | ta | ||
| 008 | 230509b bl.||||| |||| 00| 0 por d | ||
| 040 |
_aBR-BrBNA _bpor _cBiblioteca Nacional de Agricultura |
||
| 041 | _a(Pt) | ||
| 072 |
_aF60 _b1850 _b3866 |
||
| 090 | _aF60 BR8103232 | ||
| 100 | 1 | _aMourao, M.C. da F. | |
| 100 | 1 | _aMonnerat, P.H. | |
| 100 | 1 | _aMoestri, M. | |
| 100 | 1 | _aOliva, M.A.C. | |
| 245 | 1 | _aInteracao boro x manganes em tomateiro (Lycopersicon esculentum, Mill) | |
| 260 | 3 |
_aBelo Horizonte, MG (Brasil): _c1981. |
|
| 500 | _aProjeto olericultura. Relatorio 77/78 Belo Horizonte, MG (Brasil): 1981. p. 268 (BR8103232-AM)F60 | ||
| 650 | _aNutricao vegetal | ||
| 650 | _aTomate | ||
| 650 | _aBoro | ||
| 650 | _aManganes | ||
| 650 | _aNutriente | ||
| 773 | 0 |
_tProjeto olericultura. Relatorio 77/78 _wF60 BR8103232 _gBelo Horizonte, MG (Brasil), 1981. p. 268 |
|
| 909 |
_a202404 _bLucia _c55 _dLucia Elande |
||
| 942 |
_cAM _2AGRIS |
||
| 999 |
_c313337 _d313337 |
||